| 000 | 00502cam a22001337a 4500 | ||
|---|---|---|---|
| 008 | 180718b2001 xxu||||| |||| 00| 0 eng d | ||
| 082 | _aAPPPA 2000-01 SUD/29 | ||
| 100 | _aSudhir Kumar | ||
| 245 |
_aPolicy on foreign exchange variation protection to foreign direct investment in power generation _cby Sudhir Kumar |
||
| 260 |
_aNew Delhi _bIndian Institute of Public Administration _c2001 |
||
| 300 | _a100p. | ||
| 650 | _aForeign exchange - Law and legislation - India | ||
| 650 | _aInvestments, Foreign | ||
| 999 |
_c491216 _d491216 |
||